000 00559nam a2200193Ia 4500
005 20250508164250.0
008 008 250505s9999 xx 000 0 eng d
037 _aReference
040 _aFEDL
_beng
_cFEDL
041 _aeng
_2eng
084 _a808.042, MAC/RR
_qFEDL
100 _aMacArthur Charles A and others Ed.
_9777785
245 0 _aHand book of writing research
260 _aNew York, USA
_bThe Guilford Press
_c2006
300 _axi,468p.
365 _aUSD
_b65
942 _cREF
_h808.042, MAC/RR
999 _c1388069
_d1388069